000 00211 a2200097 4500
001 41135
100 _aTaylor J
245 _aJane,s all the world A/C
260 _aN.Y
_bMC GRAWA HILL
_c
090 _c25361
_d25361
942 _aNUST-CAE
_cM
_c17071
999 _c276208
_d276208